| 000 | 00388cam a22001337a 4500 | ||
|---|---|---|---|
| 008 | 180718b1990 xxu||||| |||| 00| 0 eng d | ||
| 082 | _aA6x5412 L879 CUS | ||
| 100 | _aLosty, J.P. | ||
| 245 |
_aCalcutta: the city of Places _cby J.P. Losty |
||
| 260 |
_aLondon _bBritish Library _c1990 |
||
| 300 | _a136p. | ||
| 650 | _aCities and Towns - India - West Bengal | ||
| 650 | _aCalcutta - History | ||
| 999 |
_c347849 _d347849 |
||